000 00309nam a22001337a 4500
008 170925b xxu||||| |||| 00| 0 eng d
020 _a9780805832891
041 _aeng
080 _22ND
_a37
100 _a46
101 _aEDU
245 _aWRITING THE QUALITATIVE DISSERTATION
_cMELOY,J,M
942 _2udc
_cBK
999 _c29481
_d29481